000 01022nam a2200337Ia 4500
003 GCL
008 140319s9999 xx 000 0 ara d
040 _aGCL /
_cGCL
082 0 4 _a301.22
_bد هـ
100 1 _aدار الهلال
245 1 0 _aالهلال - مارس 1993 /
_cدار الهلال
300 _a194 ص
490 _aالهيئة العامة للاستعلامات
_v0
650 0 4 _aالشعر العربى
650 0 4 _aالقصص القصيرة
650 0 4 _aالتراث
650 0 4 _aاللغة العربية
650 0 4 _aالثقافة
650 0 4 _aالفن
650 0 4 _aالتدخين
650 0 4 _aشهر رمضان
650 0 4 _aنجيب محفوظ
650 0 4 _aالدوريات
650 0 4 _aمحمد عبده (الامام)
650 0 4 _aالتخلف الاجتماعى
650 0 4 _aاخناتون
650 0 4 _aاللغة العربية - تاريخ ونقد
650 0 4 _aخالد محىالدين
650 0 4 _aسوزان طه حسين
942 _2ddc
_cBK
999 _c51593
_d51593